| 000 | 00763cab a2200253 4500 | ||
|---|---|---|---|
| 001 | ABS50928 | ||
| 008 | 090401t1994 xxu||||| |||| 00| 0 eng d | ||
| 035 | _a(Sirsi) u2016 | ||
| 041 | _aeng | ||
| 100 | _aCollar, N. | ||
| 245 | _aCharging for inspection of public registers | ||
| 260 | _c1994 | ||
| 350 | _a0 | ||
| 490 |
_aProperty Law _v(9) June 1994, 8-10(3) |
||
| 520 | _aLooks at the question of the legality of the levying of charges for the inspection of public registers. | ||
| 650 | _aACCESS TO INFORMATION | ||
| 650 | _aFEES | ||
| 650 | _aPLANNING APPLICATIONS | ||
| 650 | _aPLANNING REGISTER | ||
| 650 | _aTOWN AND COUNTRY PLANNING (SCOTLAND) ACT 1972 S31(2) | ||
| 690 | _aPLANNING LAW AND PRACTICE | ||
| 942 | _n0 | ||
| 948 | _c04/03/1997 | ||
| 999 |
_c1197 _d1197 |
||